| 000 | 01108nam a2200289 a 4500 | ||
|---|---|---|---|
| 005 | 20240924071009.0 | ||
| 008 | 991125s1990 ea 000 0 eng u | ||
| 020 | _a0852295316 | ||
| 035 | _aUPN01000000143 | ||
| 049 | _aCG | ||
| 050 | 4 |
_aAC1 _bG7 1990 v.33 |
|
| 100 | 1 |
_aLocke, John, _d1632-1704 _929023 |
|
| 245 | 1 | 2 |
_aA letter concerning toleration ; Concerning civil government, second essay ; An essay concerning human understanding / _cJohn Locke ; tr. by William Popple. |
| 250 | _a2nd ed. | ||
| 260 |
_aChicago, EUA : _bEncyclopaedia Britannica, _c1990. |
||
| 300 | _ax, 509 p. | ||
| 440 | 0 |
_aGreat books of the western world ; _v33 |
|
| 501 | _aCon: The principles of human knowledge / by George Berkeley -- An enquiry concerning human understanding / by David Hume. | ||
| 500 | _aBiografĂas: p. ix, p.399, p. 447 | ||
| 650 | 2 |
_aCiencia _vColecciones _99879 |
|
| 650 | 4 |
_aCiencias polĂticas _vTrabajos anteriores a 1800 _98078 |
|
| 650 | 2 |
_aTolerancia _91399 |
|
| 650 | 7 |
_aLibertad _2 _95326 |
|
| 700 | 1 |
_aBerkeley, George, _d1685-1753 |
|
| 700 | 1 |
_aHume, David, _d1711-1776 |
|
| 905 | _aLibro | ||
| 999 |
_c143 _d143 |
||